A practiocal introduction to Management Science. (Record no. 3073)

MARC details
000 -LEADER
fixed length control field 00542nam a22002057a 4500
003 - CONTROL NUMBER IDENTIFIER
control field OSt
005 - DATE AND TIME OF LATEST TRANSACTION
control field 20160225134144.0
008 - FIXED-LENGTH DATA ELEMENTS--GENERAL INFORMATION
fixed length control field 160225b xxu||||| |||| 00| 0 eng d
020 ## - INTERNATIONAL STANDARD BOOK NUMBER
International Standard Book Number 0201178478
040 ## - CATALOGING SOURCE
Transcribing agency DDC.
082 ## - DEWEY DECIMAL CLASSIFICATION NUMBER
Classification number 658 WAT 1998.
100 ## - MAIN ENTRY--PERSONAL NAME
Personal name Waters Donald;
9 (RLIN) 6827
245 ## - TITLE STATEMENT
Title A practiocal introduction to Management Science.
250 ## - EDITION STATEMENT
Edition statement 2nd ed
260 ## - PUBLICATION, DISTRIBUTION, ETC. (IMPRINT)
Place of publication, distribution, etc. England.
Name of publisher, distributor, etc. Financial Times
Date of publication, distribution, etc. 1998.
300 ## - PHYSICAL DESCRIPTION
Extent xii,572p;
Other physical details ill;
Dimensions 25cm
504 ## - BIBLIOGRAPHY, ETC. NOTE
Bibliography, etc includes index.
650 ## - SUBJECT ADDED ENTRY--TOPICAL TERM
Topical term or geographic name as entry element management Science.
9 (RLIN) 5289
942 ## - ADDED ENTRY ELEMENTS (KOHA)
Source of classification or shelving scheme Dewey Decimal Classification
Koha item type Short Loan
Holdings
Withdrawn status Lost status Source of classification or shelving scheme Damaged status Not for loan Home library Current library Date acquired Source of acquisition Inventory number Total Checkouts Full call number Barcode Date last seen Price effective from Koha item type
    Other/Generic Classification Scheme     MUST Main Library MUST Main Library 25/02/2016   08/29761   658 WAT 1998. 2016-0216 25/02/2016 25/02/2016 Short Loan